Top 200 Boy Names ending in 'EE' sound (2013) Quiz Stats

 Plays Quiz not verified by Sporcle

Score 0/200 Timer 20:00
0 Plays Today
Rank Name % Correct
19Johnny
89%
26Danny
88.2%
66Harry
86.4%
64Billy
85.6%
17Charlie
85.4%
02Henry
84%
60Tommy
83.2%
20Andy
82.7%
34Larry
81.9%
62Bobby
81.8%
32Jerry
80.6%
46Gary
79.1%
79Jamie
76.5%
84Frankie
76.5%
67Willie
75.9%
48Terry
75.6%
25Corey
75.3%
10Riley
74.8%
16Cody
74.7%
01Anthony
74.3%
50Eddie
74.3%
30Tony
73.9%
36Jimmy
73.1%
03Zachary
73%
136Sammy
72.4%
157Barry
72.4%
58Cory
72.2%
11Jesse
71.3%
13Brady
70.7%
14Bradley
70.5%
56Joey
70.5%
41Ricky
69.9%
81Kenny
69.3%
05Brody
68.8%
12Jeremy
68.1%
53Harley
67.6%
39Casey
66.5%
138Freddie
65.4%
150Donnie
65.4%
21Gregory
65%
31Randy
64.6%
18Jeffrey
63.9%
74Ronnie
63.8%
15Avery
63.6%
123Benny
62.7%
191Robbie
62.3%
07Timothy
61.8%
103Freddy
61.5%
68Jessie
60.5%
61Lee
59.3%
140Johnnie
59.2%
170Charley
58.8%
09Wesley
58.1%
198Ollie
55.2%
04Bentley
54.9%
55Jeffery
54.9%
155Kelly
54.9%
130Bailey
54.6%
63Stanley
53.8%
182Mickey
52.6%
125Perry
52.1%
143Lenny
52%
152Geoffrey
49.2%
188Kory
49.2%
72Emery
48.7%
29Jaime
48.3%
70Kody
48.3%
Rank Name % Correct
44Toby
48%
112Antony
47.9%
116Eddy
47.9%
142Korey
47.8%
27Colby
47.2%
52Harvey
47.1%
45Zackary
47%
88Marley
46.9%
135Kasey
45.5%
96Rylee
43.4%
35Finley
42.8%
190Kerry
42.3%
54Rodney
41.6%
33Rory
40.9%
195Teddy
40.9%
23Grady
40.8%
119Louie
40.4%
115Kennedy
40%
90Emory
39.6%
49Quincy
38.5%
06Brantley
38.1%
65Brodie
38.1%
97Sidney
38.1%
83Rudy
37.1%
166Jimmie
36.2%
126Presley
35.7%
113Zachery
35.4%
139Lonnie
34.6%
75Kolby
34.5%
118Zackery
33.5%
124Aubrey
31.9%
173Archie
30.6%
24Ali
30.1%
59Brentley
29.7%
51Bentlee
29.5%
192Davi
29%
76Remy
28.1%
28Ari
27.6%
86Sonny
27.4%
120Coby
27.4%
183Bradlee
26.6%
137Wiley
25.9%
99Jordy
25.5%
151Zakary
24.4%
08Giovanni
24.1%
131Courtney
24.1%
141Koby
23.4%
40Kobe
23%
101Rocky
22.8%
164Henri
22.6%
108Westley
21.5%
185Henley
20.9%
89Brantlee
20.5%
146Reilly
19.3%
102Jordi
18.9%
22Amari
18.6%
194Remi
18.6%
197Journey
18.4%
94Kingsley
18.2%
91Bently
18.1%
73Giovani
16%
175Brentlee
16%
42Gianni
15%
37Armani
13.9%
38Jacoby
13.9%
161Ryley
13.8%
78Landry
13.6%
Rank Name % Correct
154Brantly
13.6%
144Brently
12.9%
111Finnley
12.6%
80Oakley
12.3%
187Wylie
12.1%
82Bodhi
11.5%
127Bodie
10.6%
200McKinley
10.4%
109Avi
9.7%
92Giovanny
9.3%
98Tyree
9.1%
153Rickey
9.1%
196Chauncey
9.1%
156Murphy
8.8%
71Omari
8.7%
179Amani
8.5%
121Jacobi
8.4%
148Bode
7.7%
174Montgomery
7%
93Jovani
6.8%
168Gentry
6.8%
87Jovanni
6.7%
160Jakoby
6.4%
165Jiovanni
6.2%
95Xavi
6%
43Jamari
5.9%
176Huxley
5.8%
199Ridley
5.8%
106Dimitri
5.6%
189Raleigh
5.5%
181Arie
5.2%
159Jakobi
5.1%
117Jovanny
4.2%
69Kamari
4.1%
47Kyrie
3.9%
57Crosby
3.9%
134Ramsey
3.9%
77Kyree
3.8%
172Demetri
3.7%
105Damari
3.5%
163Jovany
3.4%
104Chevy
3%
162Fredy
2.9%
110Jabari
2.6%
133Rowdy
1.8%
171Loki
1.6%
100Jakobe
1.4%
114Gionni
1.3%
107Jionni
1%
128Kenji
1%
184Dempsey
1%
132Jakari
0.9%
145Demari
0.9%
186Kalani
0.9%
178Jelani
0.8%
180Amauri
0.8%
85Kymani
0.7%
122Rishi
0.5%
129Damani
0.5%
158Dakari
0.4%
149Keoni
0.3%
169Hadi
0.3%
177Jacari
0.3%
193Domani
0.3%
147Abdullahi
0.1%
167Mahdi
0.1%

You're not logged in!

Compare scores with friends on all Sporcle quizzes.
OR
Log In

Sporcle TV

Today on Sporcle TV


Watch our educational content, quiz creation guides, and fun videos on Sporcle TV.

Show Comments

Extras

Top Quizzes Today


Score Distribution

Your Account Isn't Verified!

In order to create a playlist on Sporcle, you need to verify the email address you used during registration. Go to your Sporcle Settings to finish the process.

Report this User

Report this user for behavior that violates our Community Guidelines.

Details: